| 000 | 01247nam a2200229Ia 4500 | ||
|---|---|---|---|
| 003 | OSt | ||
| 005 | 20250217142735.0 | ||
| 007 | ca aa aaaaa | ||
| 008 | 201103s9999 xx 000 0 und d | ||
| 040 | _cSSBUL | ||
| 041 | _abur | ||
| 082 |
_223 _a၂၉၄.၃၄၃၅ _bမော် |
||
| 100 | 0 |
_aမောင်မောင်၊ ဦး၊ (ဘီအေ) သမိုင်းရန်ကုန်တက္ကသိုလ် _917344 |
|
| 245 | 1 | 0 |
_aမြန်မာ့ယဉ်ကျေးမှုအမွေအနှစ်ပုဂံစေတီပုထိုးများ / _cဦးမောင်မောင်(ဘီအေ)သမိုင်းရန်ကုန်တက္ကသိုလ်။ |
| 260 |
_aရန်ကုန် ၊ _bစန်းရောင်ရှိန်စာပေ၊ _c၂၀၀၃။ |
||
| 300 |
_a၁၀၆ စာမျက်နှာ ၊ _bပုံများ ၊ _c၁၉ စင်တီ။ |
||
| 500 | _a ကျမ်းကိုးစာရင်းပါသည်။ | ||
| 500 | _aS-SAT: Dr. Sai Aung Tun | ||
| 650 |
_aစေတီပုထိုး _zမြန်မာနိုင်ငံ။ |
||
| 650 |
_aပုဂံဘုရား _xသမိုင်း။ _955196 |
||
| 942 |
_cBK _2ddc |
||
| 999 |
_c16733 _d16733 |
||